| 000 | 01251 a2200289 4500 | ||
|---|---|---|---|
| 005 | 20260331192958.0 | ||
| 008 | 250630b |||||||| |||| 00| 0 eng d | ||
| 020 | _a9789878521152 | ||
| 041 | _aspa | ||
| 082 |
_a025.3 _bG935c |
||
| 100 |
_aGuerrini, Mauro _93255 |
||
| 245 |
_aDe la catalogación a la "Metadatación : _bhuellas de un camino / _cMauro Guerrini ; prólogo de José María Williams ; traducido por Gustavo Roque Rella |
||
| 260 |
_aCiudad Autónoma de Buenos Aires, Argentina ; _bDunken : _c2022 |
||
| 264 |
_aCiudad Autónoma de Buenos Aires, Argentina ; _bDunken : _c2022 |
||
| 300 |
_a189 páginas : _c22 cm. |
||
| 505 | _aPanta rei -- Principios y modelos bibliográficos -- Descripción de los recursos -- Acceso a los recursos -- Formatos de intercambio -- Herramientas para metadatar y para la indización̤ temát̀ica | ||
| 650 | 0 | _aMETADATOS | |
| 650 | 0 | _aCATALOGACIÓN | |
| 650 | 0 | _aACCESO A LA INFORMACIÓN | |
| 700 |
_aWilliams, José María _eProloguista _93259 |
||
| 700 |
_aRella, Gustavo Roque _etraductor _93260 |
||
| 942 |
_b23-06-2025 _cBK _zvmd |
||
| 999 |
_c2446 _d2446 |
||